000
00263nam a22001097a 4500
082
_a
621.37 CAR'I
100
_a
CARROLL, G. C
_9
77915
245
_a
INDUSTRIAL PROCESS MEASURING INSTRUMENTS
260
_a
NEWYORK
_b
MCGRAW HILL
_c
1962
300
_a
454P
942
_c
BK
999
_c
583094
_d
583094